| 000 | 00485nam a2200181Ia 4500 | ||
|---|---|---|---|
| 008 | 180921t2015 xxu||||| |||| 00| 0 sin d | ||
| 041 | _asin | ||
| 080 |
_a8-31 _b(Russian) SHO |
||
| 100 | _aSholahov, Mihail | ||
| 245 | _aපෙරළු නැවුම් පස | ||
| 246 | _aPerelu Naum Pasa | ||
| 260 |
_bKurulu poth _aRajagiriya _c2015 |
||
| 300 | _a411p, 23cm | ||
| 700 |
_aSiril C.Perera _etr. |
||
| 942 | _cBK | ||
| 999 |
_c11564 _d11564 |
||
| 003 | LK-CoDNM | ||
| 040 |
_aLK-CoDNM _dLK-CoDNM _eLK-CoDNM |
||